American Tycoons (Record no. 216741)

MARC details
000 -LEADER
fixed length control field 00544nam a22001817a 4500
008 - FIXED-LENGTH DATA ELEMENTS--GENERAL INFORMATION
fixed length control field 260303b |||||||| |||| 00| 0 eng d
020 ## - INTERNATIONAL STANDARD BOOK NUMBER
International Standard Book Number 9780766011120
050 ## - LIBRARY OF CONGRESS CALL NUMBER
Classification number HC 102.5 .G74 1999
Item number C.1
100 ## - MAIN ENTRY--PERSONAL NAME
Personal name Green, Carl R.
245 ## - TITLE STATEMENT
Title American Tycoons
260 ## - PUBLICATION, DISTRIBUTION, ETC.
Place of publication, distribution, etc. Berkeley Heights, NJ
Name of publisher, distributor, etc. Enslow Publishers, Inc.
Date of publication, distribution, etc. 1999
300 ## - PHYSICAL DESCRIPTION
Extent 112p.: ill
500 ## - GENERAL NOTE
General note Includes index
650 ## - SUBJECT ADDED ENTRY
Topical term or geographic name entry element 1. Businesspeople - United States - Biography - Juvenile literature.
700 ## - ADDED ENTRY--PERSONAL NAME
Personal name Sanford, William R.
942 ## - ADDED ENTRY ELEMENTS (KOHA)
Source of classification or shelving scheme Library of Congress Classification
Koha item type Long Loan Book

No items available.